Le défi d'etablir des universités de rang mondial

Le défi d'etablir des universités de rang mondial offre une analyse exceptionnelle et concise des vrais problèmes que l'on rencontre quand on essaye d'établir des universités de recherche dans le contexte global. Les université de recherche sont des institutions speciales, et Sa...

Полное описание

Сохранить в:
Библиографические подробности
Главный автор: Salmi, Jamil
Формат:
Язык:Undetermined
Опубликовано: Washington, D.C. Banque Mondiale 2009
Предметы:
Метки: Добавить метку
Нет меток, Требуется 1-ая метка записи!
Thư viện lưu trữ: Trung tâm Học liệu Trường Đại học Cần Thơ
LEADER 01009nam a2200205Ia 4500
001 CTU_154147
008 210402s9999 xx 000 0 und d
082 |a 378 
082 |b S171 
100 |a Salmi, Jamil 
245 0 |a Le défi d'etablir des universités de rang mondial 
245 0 |c Jamil Salmi ; Banque Mondiale 
260 |a Washington, D.C. 
260 |b Banque Mondiale 
260 |c 2009 
520 |a Le défi d'etablir des universités de rang mondial offre une analyse exceptionnelle et concise des vrais problèmes que l'on rencontre quand on essaye d'établir des universités de recherche dans le contexte global. Les université de recherche sont des institutions speciales, et Salmi explique bien les défis et les résultats botenus par ces institutions-clé. 
650 |a Education, Higher,Economic development,Higher education and state 
650 |x Economic aspects,Effect of education on 
904 |i Giang 
980 |a Trung tâm Học liệu Trường Đại học Cần Thơ